Λεξικό σκηνοθετών του παγκόσμιου κινηματογράφου
Saved in:
| Main Author: | |
|---|---|
| Format: | Book |
| Language: | Greek |
| Published: |
Αθήνα :
Αιγόκερως,
1996
|
| Series: | Κινηματογράφος (Αιγόκερως (Εταιρεία))
|
| Subjects: | |
| Tags: |
Add Tag
No Tags, Be the first to tag this record!
|
MARC
| LEADER | 00000cam a2200000 i 4500 | ||
|---|---|---|---|
| 001 | 1/118867 | ||
| 008 | 190524t1996 gr | ||| |||| ||gre|| | ||
| 020 | |a 9603220817 | ||
| 040 | |a GR-MyUA |b gre |e AACR2 | ||
| 041 | 0 | |a gre | |
| 082 | 0 | |a 791.430233092 | |
| 100 | 1 | |a Βαλούκος, Στάθης, |d 1951- | |
| 245 | 1 | 0 | |a Λεξικό σκηνοθετών του παγκόσμιου κινηματογράφου / |c Στάθης Βαλούκος. |
| 260 | |a Αθήνα : |b Αιγόκερως, |c 1996 | ||
| 300 | |a 590 σ. ; |c 20 εκ. | ||
| 490 | 1 | |a (Κινηματογράφος) | |
| 650 | 0 | 0 | |a Motion picture art directors |x Dictionaries. |
| 650 | 0 | 0 | |a Motion picture art directors |x Portraits. |
| 830 | 0 | |a Κινηματογράφος (Αιγόκερως (Εταιρεία)) | |
| 852 | |a INST |b SAMOS |e 20190524 |h 791.430233092 ΒΑΛ |p 005300045944 |q 005300045944 |t BK |y 0 | ||
| 970 | |a Γουβάλα |b Βάσω |z 24-05-2019 | ||